00401nam a2200157Ia 4500003000400000005001700004008004100021020001400062040000900076082001800085100002000103245005300123260003600176300000900212650002200221OSt20201110115105.0190216s9999||||xx |||||||||||||| ||und|| a044661288 coclc a813.54bLET/H a Letts, Billie  4aThe Honk And Holler Opening Soon /cBillie Letts bWarner Books,c2004.aNew york: a372p aEnglish-Biography